Fish Alphabet Quiz - Statistics

General Stats
  • This quiz has been taken 33 times
  • The average score is 13 of 26
Answer Stats
Letter Clue Answer % Correct
A A deep-sea fish with bioluminescent lure. Anglerfish
84%
E A lightning-powered river creature. Electric Eel
84%
G A large, well-known, and ferocious predator with an incredible sense of smell, powerful jaws, and an endless supply of teeth. Great White Shark
84%
C This fish is famous for its symbiotic relationship with sea anemones. And a pretty good movie. Clown Fish
80%
F A fish that can travel through the air to escape predators. Flying Fish
76%
L A tropical fish with poisonous spines in their pectoral fins. Lionfish
76%
B This creature doesn't move much and has a very low density, causing them to look quite strange when brought to the surface. Blobfish
68%
H A predator whose head shape enables them to find stingrays hidden under mud. Hammerhead Shark
64%
P If this fish enacts its defense mechanism out of water, it is unable to deactivate said mechanism. Pufferfish
64%
K This colorful fish originated in China. Koi(fish)
60%
S This genus of fish has a prehensile tail and is from the only family of animals where the male becomes pregnant. Sea Horse
60%
O A big, long, eel-like fish from the deep-sea. Oarfish
52%
M This land dwelling fish lives in Japan. Mudskipper
44%
V A deep-sea fish named after a snake. Viperfish
40%
I An Antarctic fish with "anti-freeze" in its blood. Icefish
36%
J The males of this species incubate their eggs in their mouths. Jawfish
36%
D A deep-sea fish that can see infra-red light. Dragonfish
32%
T Also known as the Humuhumunukunukuapua'a. Triggerfish
32%
U A fish with a unique (one might say "horn-like") nose. Unicornfish
32%
N Though this cartilage-boned fish seems passive, it is never the less a dangerous predator. Nurse Shark
28%
Q Though this reef fish comes in a variety of colorful species, this particular species is named after royalty. Queen Angelfish
28%
X A small fish from the Amazon with transparent skin/scales/whatever. X-Ray Fish
28%
R This fish migrates from the Pacific upstream in order to reproduce. Rainbow Trout
24%
Z A predatory fish named after, you guessed it, a certain, specific equine. Zebra Shark
24%
W This deep-sea creature eats sea urchins. Wolf Eel
12%
Y An ocean fish with "appendages" which are a specific color, and is also a fairly accessible food. Yellowfin Tuna
8%
No matching quizzes found
Score Distribution
Percent of People with Each Score
Percentile by Number Answered
Your Score History
You have not taken this quiz